Wird geladen...
Charles dickens/
| 1. Verfasser: | |
|---|---|
| Format: | Printed Book |
| Sprache: | English |
| Veröffentlicht: |
London:
Arthers Barcher ltd.,
1951.
|
| LEADER | 00481nam a2200133Ia 4500 | ||
|---|---|---|---|
| 008 | 111205s9999 xx 000 0 eng d | ||
| 020 | |a 213178842 | ||
| 100 | |a Saymons ,Julian | ||
| 245 | |a Charles dickens/ |c Saymons ,Julian | ||
| 260 | |b Arthers Barcher ltd., |a London: |c 1951. | ||
| 300 | |a 94p. | ||
| 942 | |c BK |2 ddc | ||
| 999 | |c 202997 |d 202997 | ||
| 952 | |0 0 |1 0 |4 0 |6 E_820_000000000000000_92D_SYM_C |7 0 |9 224625 |a MAL |b MAL |c ST1 |d 2011-12-05 |g 0.00 |l 0 |o E 820.92D SYM/C |p MAL3922 |r 2015-04-13 |v 0.00 |w 2018-08-20 |y BK | ||